000 01101nam a22003015a 4500
008 090301s2008 maua frb||| 001 0 eng d
020 _a0071101047
020 _a9780071101042
040 _aEG-ScBUE
_beng
_cEG-ScBUE
082 0 4 _a658.3
_bMCS
_222
100 1 _aMcShane, Steven Lattim
_926108
245 1 0 _aOrganizational Behavior /
_cSteven L. McShane, Mary Ann Von Glinow.
250 _a4th ed.
260 _aBoston :
_bMcGraw-Hill Irwin,2008
_cc. 2008.
300 _a xxxiii, 653 p. :
_bill. ;
_c27 cm.
500 _aIndexes : p. 617-652.
500 _aGlossary : p. 556-560.
500 _aAppendix : p. 538-554.
504 _aInclude bibliographical references: p. 562-616.
590 _amenna elemam
650 0 _aOrganizational behavior.
_926109
_2BUEsh
651 _2BUEsh
653 _cAugust2015
700 1 _aVon Glinow, Mary Ann Young,
_d1949-
_926110
856 4 2 _3Publisher description
_uhttp://www.loc.gov/catdir/description/mh051/2003070638.html
856 4 2 _3Table of contents
_uhttp://www.loc.gov/catdir/toc/mh041/2003070638.html
942 _cBB
_k658 MCS
_2ddc
999 _c10973
_d10973